| 000 | 00537nam a2200181Ia 4500 | ||
|---|---|---|---|
| 008 | 220216s9999 xx 000 0 und d | ||
| 100 | _aCornish K | ||
| 245 | 0 | _aCharacterization of guayule latex: Variation across lines and plant tissues | |
| 260 | _bInternational Latex Conference, 20-21 July 2004, Hilton, Akron/Fairlawn Hotel. | ||
| 650 | _aGuayule latex | ||
| 650 | _aPlant tissue | ||
| 700 | _aFleet J E Van | ||
| 700 | _aFowler J L | ||
| 700 | _aMartin J A | ||
| 700 | _aMcCoy R G | ||
| 700 | _aMcMahan C M | ||
| 942 | _cJS | ||
| 999 |
_c55427 _d55427 |
||